Score 0/9 Timer 01:00
1 Play Today
% Correct
Bill Belichick
94.4%
Sean Payton
74.6%
Mike Tomlin
73.8%
Jon Gruden
71.8%
Tom Coughlin
71.3%
Bill Cowher
71.2%
Tony Dungy
70.9%
Brian Billick
62.6%
Dick Vermeil
42%

Today's Daily Dose

Come Together.
Have Fun.
All Virtual.
We all need to come together. Play Sporcle's virtual live trivia to have fun, connect with people, and get your trivia on. Join a live hosted trivia game for your favorite pub trivia experience done virtually. If a virtual private party is more your thing, go here for details.

You're not logged in!

Compare scores with friends on all Sporcle quizzes.
OR
Log In

Sporcle TV

Today on Sporcle TV


Watch our educational content, quiz creation guides, and fun videos on Sporcle TV.

Show Comments

Extras

Top Quizzes Today


Score Distribution

Paid Content

Your Account Isn't Verified!

In order to create a playlist on Sporcle, you need to verify the email address you used during registration. Go to your Sporcle Settings to finish the process.

Report this User

Report this user for behavior that violates our Community Guidelines.

Details: